| 000 | 00682nam a2200241 a 4500 | ||
|---|---|---|---|
| 001 | BRCA_5755 | ||
| 005 | 20190320205213.0 | ||
| 008 | 070311t1953----enk#######---#000-1#----# | ||
| 041 |
_aeng _hger |
||
| 044 | _aenk | ||
| 050 | 4 |
_aPT2625 U8 _b.M313 _c1953 |
|
| 100 | 1 |
_aMusil, Robert. _914599 |
|
| 245 | 1 | 0 | _aThe Man Qualities (vol. 1). |
| 260 |
_aLondon _bSecker and Warburg _c1953 |
||
| 300 |
_a365 p. _c22 cm. |
||
| 500 | _aTraducción del Aleman por Eithne Wilkins y Ernst Kaiser. | ||
| 500 | _aH70 | ||
| 650 | 1 | 4 |
_aLiteratura _vNovela _zLondon _914600 |
| 700 | 1 |
_aWilkins, Eithne. _etrad. _914601 |
|
| 700 | 1 |
_aKaiser, Ernst. _etrad. _914602 |
|
| 902 | _aGFM | ||
| 942 |
_2lcc _cB |
||
| 999 |
_c5445 _d5445 |
||